00808cam a2200241 a 4500001000800000005001700008008004100025010001700066020003200083040001800115041001100133080001100144082001900155100000700174101000800181240006700189245007100256504005100327906004500378942001200423999001700435952011400452420743120180224023808.0811026m19821984nyua b 001 0 eng  a 81047653  a0060148454 (v. 1) :c$30.72 aDLCcDLCdDLC1 aengfre a909.0800a909.08 BRA2191 a16 aHIS10aCivilisation matérielle, économie et capitalisme.lEnglish10aCivilization and capitalism, 15th-18th century /cFernand Braudel. aIncludes bibliographical references and index. a7bcbccorignewd1eocipf19gy-gencatlg 2ddccBK c43339d43339 00102udc40708PËKGa002b002cPËKGd2018-02-24l0o909.08 BRAp002-2999605r2018-02-24w2018-02-24yBK